30 Teenage Stories (Record no. 1603)

MARC details
000 -LEADER
fixed length control field 00284nam a2200109 4500
008 - FIXED-LENGTH DATA ELEMENTS--GENERAL INFORMATION
fixed length control field 160702b xxu||||| |||| 00| 0 eng d
100 ## - MAIN ENTRY--PERSONAL NAME
9 (RLIN) 1901
Personal name Mitra, A
245 ## - TITLE STATEMENT
Title 30 Teenage Stories
260 ## - PUBLICATION, DISTRIBUTION, ETC. (IMPRINT)
Place of publication, distribution, etc. N.D
Name of publisher, distributor, etc. Children Book Trust
Date of publication, distribution, etc. 2003
300 ## - PHYSICAL DESCRIPTION
Extent 30 Teenage Stories
942 ## - ADDED ENTRY ELEMENTS (KOHA)
Source of classification or shelving scheme Dewey Decimal Classification
Koha item type BOOK
Holdings
Withdrawn status Lost status Source of classification or shelving scheme Damaged status Not for loan Home library Current library Shelving location Date acquired Total Checkouts Full call number Barcode Date last seen Date last checked out Price effective from Koha item type
    Dewey Decimal Classification     Good Samaritan School Library Good Samaritan School Library FICTION 07/02/2016 1 823 MIT2704 04/03/2018 11/29/2017 07/02/2016 BOOK

Powered by Koha